000 00228nam a2200097Ia 4500
001 690190
005 20250826161811.0
008 250824s9999 xx 000 0 und d
245 0 _aSANIK
_cJOHN GRISHAM
260 _bREMZİ KİTABEVİ
999 _c690190
_d690190